| 000 | 00415nam a22001577a 4500 | ||
|---|---|---|---|
| 003 | SGT | ||
| 020 | _a978-9352701117 | ||
| 082 |
_a617.645 _bE18R |
||
| 100 | _a Shantipriya Reddy | ||
| 245 | _aEssentials of Clinical Periodontology & Periodontics | ||
| 250 | _a5TH | ||
| 260 |
_aNEW DELHI _b Jaypee Brothers Medical Publishers Pvt Ltd _c2018 |
||
| 300 | _a1-582 | ||
| 650 | _aPeriodontology | ||
| 942 |
_2ddc _cBK _059 |
||
| 999 |
_c20918 _d20918 |
||